| 000 | 00818nam a2200217Ia 4500 | ||
|---|---|---|---|
| 005 | 20250701164516.0 | ||
| 008 | 008 250505s9999 xx 000 0 chi d | ||
| 020 | _a9787208186422 | ||
| 037 | _aTextual | ||
| 040 |
_aEASL _beng _cEASL |
||
| 041 |
_achi _2chi |
||
| 084 |
_aW4:19n.41g, R3 _qEASL |
||
| 100 |
_aZhongji Pan _9815087 |
||
| 245 | 0 | _aZhunghua Jindian Guoji Guanxi Bianlon Shouce: Handbook of Chinese Classical International Relation Debate | |
| 260 |
_aChina _bKorea Shanghai People's Publishing House Korea _c2023 |
||
| 300 | _a361pg | ||
| 490 | _aChina Political Science Studies Handbook Series | ||
| 650 |
_aInternational Relation-China; Political Science-Handbook-China; Political Science-Series-China _9815088 |
||
| 942 |
_cTEXL _hW4:19n.41g, R3 |
||
| 999 |
_c1433312 _d1433312 |
||